| 000 | 01250 am a2200265 a 4500 | ||
|---|---|---|---|
| 005 | 20240814123119.0 | ||
| 008 | 100915s1998||||ag a f |||| 001 0 spa d | ||
| 020 | _aS/N | ||
| 041 | _aspa | ||
| 092 |
_c808.8 _l1 _sACU |
||
| 100 | 1 |
_aAcuña, Leopoldo E. _91456 |
|
| 245 |
_aOjo clínico. _bVademecum literario / _cLeopoldo E. Acuña. |
||
| 250 | _a1a ed. | ||
| 260 |
_aLa Plata [Buenos Aires ; Argentina]: _bArte Médico; _c1998. |
||
| 300 | _a83 p. | ||
| 500 | _aAcuña, L. E. (1998). Ojo clínico. Vademecum literario. (1a ed.). Buenos Aires : Arte Médico | ||
| 505 | _a"Ojo Clínico" es una expresión que designa la aptitud singular para apreciar rápidamente las circunstancias que ocurren en determinados casos. También es el nombre de fantasía utilizado en un ciclo de programas de televisión, que intenta relacionar al arte de curar con otras artes: música, pintura, cine, escultura, literatura. Precisamente en la forma de cuentos cortos y poemas, se presenta este libro sobre medicina y literatura, que apunta a expresar por escrito, lo alguna vez expuesto en la pantalla del televisor. | ||
| 653 | _aLiteratura | ||
| 930 | _a500 | ||
| 930 | _a501 | ||
| 930 | _a502 | ||
| 930 | _a503 | ||
| 930 | _a504 | ||
| 942 |
_2ddc _cBK |
||
| 999 |
_c728 _d728 |
||